Statistics for Europe Surname Map

Click here to take the quiz!

General Stats

  • This quiz has been taken 45 times
  • The average score is 9 of 45

Answers on the Map

Answers color-coded by a green-red scale on the quiz's map according to % correct below.
Loading ...
 

Answer Stats

Answer% Correct
(Papadooulos)
70%
(Smith)
67%
(Garcia)
61%
(Andersson)
45%
(Martin)
42%
(Murphy)
42%
(Rossi)
42%
(Kazlauskas)
39%
(Silva)
36%
(De Jong)
33%
(Korhonen)
33%
(Nowak)
30%
(Nagy)
30%
(Smirnov)
27%
(Peeters)
27%
(Nielsen)
24%
(Hodzic)
21%
(Hoxha)
21%
(Dimitrov)
18%
(Ivanov)
18%
(Rossi)
18%
(Jonsson)
18%
(Berzins)
15%
(Ivanov)
15%
(Novak)
15%
(Muller)
12%
(Novak)
12%
(Jovanovic)
12%
(Krasniqi)
12%
(Popa)
12%
(Schmit)
9%
(Hansen)
9%
(Horvat)
9%
(Gruber)
9%
(Ferrer)
6%
(Borg)
6%
(Milevski)
6%
(Rossi)
3%
(Gasperoni)
3%
(Horvath)
3%
(Muller)
3%
(Rusu)
3%
(Muller)
3%
(Melnyk)
3%
(Angelovski)
0%

Score Distribution

Percentile by Number Answered

Percent of People with Each Score

Your Score History

You have not taken this quiz